01146nam a22002297a 45000010005000000030006000050050017000110080041000280200018000690400029000870820012001161000021001282450053001492600037002023000049002394900021002885050008003095200520003175210029008375210020008667000030008868314FISKH20250909084136.0250909b cb ||||| |||| 00| 0 eng d a9781407144085 aFISKHbengcFISKHdFISKH a 823.92 aKnapman, Timothy aSilly name for a monster / cBy Timothy Knapman  aNew York :bScholastic , c2014. a44 pages : bcolor illustrations ;c19 cm .  aLittle Red Robin aK  aGet ready to read! LITTLE RED ROBINS are ideal for sharing and reading together. Full colour illustrations throughout. Once upon a time if you wanted to be a hero, you had to have a proper, hero-sounding name. And if you wanted to be a big scary monster, it was no good unless your name was big and scary too. But when all the proper-sounding heroes can't defeat the most menacing monster in the kingdom, the king offers his whole kingdom to whoever can beat it. Could Stinkpot succeed? Even with such a silly name?8 a510 bLexile estimate 8 aK bRaz-Plus  aMay, Steve eIllustrator